Selected Questions In Mathematics For Business, Finance And Economics (Record no. 759167)

MARC details
000 -LEADER
fixed length control field 00854nam a22002294b 4500
003 - CONTROL NUMBER IDENTIFIER
control field 3228
005 - DATE AND TIME OF LATEST TRANSACTION
control field 20251210113920.0
008 - FIXED-LENGTH DATA ELEMENTS--GENERAL INFORMATION
fixed length control field 2023 s2023 sa 0 eng d
020 ## - INTERNATIONAL STANDARD BOOK NUMBER
International Standard Book Number 9780702172274
040 ## - CATALOGING SOURCE
Transcribing agency 3228
082 ## - DEWEY DECIMAL CLASSIFICATION NUMBER
Classification number 510.01513 COWA
100 1# - MAIN ENTRY--PERSONAL NAME
Personal name Coward, V.
9 (RLIN) 118423
245 10 - TITLE STATEMENT
Title Selected Questions In Mathematics For Business, Finance And Economics
Statement of responsibility, etc. [Author: K J Hunt, K. Pereira.]
250 ## - EDITION STATEMENT
Edition statement 1st
260 ## - PUBLICATION, DISTRIBUTION, ETC.
Place of publication, distribution, etc. Johannesburg :
Name of publisher, distributor, etc. School of Computational and Applied Mathematics, University of the Witwatersrand, 2006.
Date of publication, distribution, etc. 2006
300 ## - PHYSICAL DESCRIPTION
Extent 357 pages ;
Dimensions 25 cm.
650 #0 - SUBJECT ADDED ENTRY--TOPICAL TERM
Topical term or geographic name entry element Business mathematics
General subdivision Study and teaching (Higher)
Geographic subdivision South Africa.
9 (RLIN) 183282
650 #0 - SUBJECT ADDED ENTRY--TOPICAL TERM
Topical term or geographic name entry element Economics, Mathematical
General subdivision Study and teaching (Higher)
Geographic subdivision South Africa.
9 (RLIN) 183283
700 1# - ADDED ENTRY--PERSONAL NAME
Personal name Hunt, K. J.
9 (RLIN) 183284
700 1# - ADDED ENTRY--PERSONAL NAME
Personal name Pereira, K.
9 (RLIN) 183285
942 ## - ADDED ENTRY ELEMENTS
Source of classification or shelving scheme Dewey Decimal Classification
item type Book
-- 190
-- Dudu Mondlane
Holdings
Withdrawn status Lost status Source of classification or shelving scheme Damaged status Not for loan Collection code Home library Current library Shelving location Date acquired Total Checkouts Full call number Barcode Date last seen Price effective from item type
    Dewey Decimal Classification     600: Technology & Applied Science Kanyamazane Kanyamazane Non Fiction 30.05.2024   510.01513 COWA 3322810057441 30.05.2024 30.05.2024 Book